000 00484nam a2200145Ia 4500
003 OSt
005 20260113113602.0
008 211028s2011 xx 000 0 und d
040 _cAIMIT LIBRARY
041 _aeng
100 _aD Cunha, Cindianne;D Souza, Claret.
_g916087
_96848
245 _aAn analysis of the factors affecting the achievement of sales target at Advaith hyundai motors private limited Mangalore /
260 _aMangalore
_bD Souza, Claret
_c2011
942 _2ddc
_cPRO
999 _c218418
_d218418